| 000 | 00833nam0a22002651 4500 | ||
|---|---|---|---|
| 001 | rc\3217438 | ||
| 005 | 20250530103613.0 | ||
| 021 |
_aRU _b[74-23032] |
||
| 035 | _a(NLR Aleph) 007362575 | ||
| 090 |
_a6322882 _c6322882 |
||
| 100 | _a20130115d1973 |||y0rusy50 ca | ||
| 101 | 1 |
_arus _cuzb |
|
| 102 | _aRU | ||
| 105 | _aa z |||a| | ||
| 200 | 1 |
_aПопугай Тины _eРассказы _e[Для детей] _fПер. с узб. З. Тумановой _g[Ил.: Р.В. Халилов] |
|
| 210 |
_aНукус _cКаракалпакия _d1973 |
||
| 215 |
_a30 с. _cил. _d26 |
||
| 700 | 1 |
_aЮлдашев _bС. _gСатвалды |
|
| 702 | 1 |
_aТуманова _bЗ. _4730 |
|
| 702 | 1 |
_aХалилов _bР.В. _4440 |
|
| 801 | 0 |
_aRU _bNLR _gpsbo |
|
| 801 | 1 |
_aRU _bELAR _2rusmarc |
|
| 852 |
_aNLR _j73-7/1900 |
||
| 942 | _cBOOK | ||
| 980 | _aNB | ||